书目信息 |
| 题名: |
生命伦理学概论
|
|
| 作者: | 邱仁宗 瞿晓梅 | |
| 分册: | ||
| 出版信息: | 北京 中国协和医科大学出版社 2003 |
|
| 页数: | 420 | |
| 开本: | 20cm | |
| 丛书名: | ||
| 单 册: | ||
| 中图分类: | B82-057 | |
| 科图分类: | ||
| 主题词: | 伦理学 | |
| 电子资源: | ||
| ISBN: | 7-81072-412-6 | |
| 000 | 00550nam0 2200181 450 | |
| 001 | 0741144344 | |
| 005 | 20070817112544.34 | |
| 010 | @a7-81072-412-6@d¥25.00 | |
| 100 | @a20070817d km y0chiy0120 ea | |
| 101 | 0 | @achi |
| 200 | 1 | @a生命伦理学概论@Asheng ming lun li xue gai lun@f邱仁宗 瞿晓梅@Fqiu ren zong qu xiao mei |
| 210 | @a北京@c中国协和医科大学出版社@d2003 | |
| 215 | @a420@d20cm | |
| 606 | 0 | @a伦理学 |
| 690 | @aB82-057@v3 | |
| 701 | 0 | @a邱仁宗 瞿晓梅@Aqiu ren zong qu xiao mei |
| 801 | 0 | @aCN@bPFT@c20070817 |
| 905 | @a213230@dB82-057@en2@f1 | |
| 生命伦理学概论/邱仁宗 瞿晓梅.-北京:中国协和医科大学出版社,2003 |
| 420;20cm |
| ISBN 7-81072-412-6:¥25.00 |
| ● |
| 相关链接 |
|
|
|
|
正题名:生命伦理学概论
索取号:B82-057/n2
 
预约/预借
| 序号 | 登录号 | 条形码 | 馆藏地/架位号 | 状态 | 备注 |
| 1 | 6601183 | 266011834 | 密集书库-生命科学系/ [索取号:B82-057/n2] | 在馆 |